| 000 | 00603nam a2200241 a 4500 | ||
|---|---|---|---|
| 001 | nice12345678 | ||
| 003 | IN_TiNIC | ||
| 005 | 20260116013300.0 | ||
| 008 | 050524s1999 dela grp 000 0 eng | ||
| 020 |
_a8172143 _c70 |
||
| 082 | 0 | 0 |
_a281.7 _bGRE |
| 100 | _aGregorios, Paulos Mar | ||
| 245 | _aIntroducing the Orthodox Churches | ||
| 260 |
_aDelhi _bISPCK _c1999 |
||
| 300 | _a76p | ||
| 500 | _aincludes index and biblioraphy | ||
| 505 | 2 | _aScripture Index. | |
| 650 | _aChurch-Orthodox | ||
| 700 | 1 | _aGregorios, Paulos Mar | |
| 902 | _bSRS | ||
| 942 | _cBK | ||
| 999 |
_c10393 _d10393 |
||